000 00674nam a2200217Ii 4500
003 JO-AjNU
008 230605s9999||||xx |||||||||||||| ||und||
017 _a1984/4674
040 _aJO-AjNU
_bara
_erda
_cJO-AjNU
041 _aara
050 1 4 _aRC1210 1987
100 3 _aتاليف حلمي، عصام محمد امين,
_eauthor
_940321
245 0 0 _aالصحة واللياقة وضبط الوزن
250 _aط2
264 3 1 _aالقاهرة : دار المعارف ، 1987
300 _a213ص
336 _atext
_btxt
_2rdacontent
337 _aunmediated
_bn
_2rdamedia
338 _avolume
_bnc
_2rdacarrier
650 4 _aالصحة - ضبط الوزن
_940322
999 _aA17101
_c20669
_d20669